000 00737nam a2200229Ii 4500
003 JO-AjNU
008 230605s9999||||xx |||||||||||||| ||und||
017 _a2000/6/1943
020 _a9957-07-174-2
040 _aJO-AjNU
_bara
_erda
_cJO-AjNU
041 _aara
050 1 4 _aQC776.B37 2000
100 3 _aبركات ، محمد حبيب/ م مشارك مصطفى عبد السلام نصر,
_eauthor
_942095
245 0 0 _aاسس الفيزياء النووية
250 _aط1
264 3 1 _aعمان:دار الفكر للنشر ، 2000
300 _a253ص
336 _atext
_btxt
_2rdacontent
337 _aunmediated
_bn
_2rdamedia
338 _avolume
_bnc
_2rdacarrier
650 4 _aالفيزياء الذرية
_942096
999 _aA17999
_c21567
_d21567